| 000 | 00571nam a22001817a 4500 | ||
|---|---|---|---|
| 999 |
_c10497 _d10497 |
||
| 003 | AR-CdUCM | ||
| 008 | 190401b ||||| |||| 00| 0 spa d | ||
| 040 |
_aMUNICIPALIDAD PROVINCIAL DEL CUSCO _cBIBLIOTECA MUNICIPAL DEL CUSCO |
||
| 082 |
_aES / 460.3 / _bN18 |
||
| 110 |
_aNakal _927389 |
||
| 245 |
_aDiccionario : _bSinónimos y antónimos / |
||
| 260 |
_aPerú : _bFondo editorial navarrete, |
||
| 300 |
_a399 paginas ; _c16 cm. |
||
| 505 | _aContenido :Diccionario de sinónimos y antónimos. | ||
| 650 |
_aDiccionario _95196 |
||
| 942 |
_2ddc _cLIBROS |
||
| 945 | _arum | ||